|
|
|
|
| LEADER |
00000caa a2200000 c 4500 |
| 001 |
142257119X |
| 003 |
DE-627 |
| 005 |
20220530121012.0 |
| 007 |
tu |
| 008 |
111102s1994 xx ||||| 00| ||ger c |
| 020 |
|
|
|a 3929041073
|
| 035 |
|
|
|a (DE-627)142257119X
|
| 035 |
|
|
|a (DE-576)352571195
|
| 035 |
|
|
|a (DE-599)BSZ352571195
|
| 040 |
|
|
|a DE-627
|b ger
|c DE-627
|e rakwb
|
| 041 |
|
|
|a ger
|
| 100 |
1 |
|
|a Heiliger, Anita
|d 1942-
|0 (DE-588)115392483
|0 (DE-627)077219082
|0 (DE-576)161354548
|4 aut
|
| 109 |
|
|
|a Heiliger, Anita 1942-
|a Heiliger, A. 1942-
|
| 245 |
1 |
0 |
|a Kritische Anmerkungen zum gerichtlichen Umgang mit sexuellen Mißbrauchern
|c Anita Heiliger
|
| 264 |
|
1 |
|c 1994
|
| 336 |
|
|
|a Text
|b txt
|2 rdacontent
|
| 337 |
|
|
|a ohne Hilfsmittel zu benutzen
|b n
|2 rdamedia
|
| 338 |
|
|
|a Band
|b nc
|2 rdacarrier
|
| 773 |
0 |
8 |
|i In
|t Tatsachenerfassung, Verteidigung und erweiterte Anwaltsaufgaben im Strafprozeß
|b 1. Aufl.
|d Köln : Ed. Der Andere Buchladen, 1994
|g (1994), Seite 153 - 154
|h VI, 251 S.
|w (DE-627)179903713
|w (DE-576)04392719X
|z 3929041073
|7 nnam
|
| 773 |
1 |
8 |
|g year:1994
|g pages:153 - 154
|
| 935 |
|
|
|a mkri
|
| 951 |
|
|
|a AR
|
| ELC |
|
|
|b 1
|
| LOK |
|
|
|0 000 xxxxxcx a22 zn 4500
|
| LOK |
|
|
|0 001 2899252836
|
| LOK |
|
|
|0 003 DE-627
|
| LOK |
|
|
|0 004 142257119X
|
| LOK |
|
|
|0 005 20260116122621
|
| LOK |
|
|
|0 008 160208||||||||||||||||ger|||||||
|
| LOK |
|
|
|0 040
|a DE-21-110
|c DE-627
|d DE-21-110
|
| LOK |
|
|
|0 689
|a s
|a Sexueller Kindesmissbrauch
|
| LOK |
|
|
|0 852
|a DE-21-110
|
| LOK |
|
|
|0 852 1
|m p
|9 00
|
| LOK |
|
|
|0 935
|a k110
|
| LOK |
|
|
|0 938
|k p
|
| LOK |
|
|
|0 939
|a 08-02-16
|b l01
|
| ORI |
|
|
|a SA-MARC-krimdoka001.raw
|